| 000 | 00618na a2200217 4500 | ||
|---|---|---|---|
| 001 | 15968 | ||
| 003 | MIRAKIL | ||
| 005 | 20181213155121.0 | ||
| 008 | 161224b tu 000 0 | ||
| 040 |
_aMilas _btur _cTR-AnCHP |
||
| 082 |
_aCHP 324.2372 _bE13k 1972 |
||
| 090 | _aCHP 324.2372 E13k 1972 | ||
| 100 |
_aEcevit, Bülent _d1925-2006 |
||
| 245 |
_aKurultaylar ve sonrası _cBülent Ecevit |
||
| 260 |
_aAnkara _bİleri Yayınları _c1972 |
||
| 300 |
_a122 s. _c20 sm. |
||
| 490 |
_aDerleme Dizisi _v1 |
||
| 610 |
_aCHP _xKurultaylar, 1972 |
||
| 610 |
_aCHP _xGenel başkanlar _yKonuşmalar |
||
| 942 |
_2ddc _cBKS |
||
| 999 |
_c6824 _d6824 |
||